|
|
|
|
| LEADER |
01279nam a2200325 a 4500 |
| 001 |
33760 |
| 003 |
BD-DhAAL |
| 005 |
20211116164653.0 |
| 008 |
180916t1989 dcua b f001 0 eng |
| 999 |
|
|
|c 39543
|d 39543
|
| 010 |
|
|
|a 88029299
|
| 020 |
|
|
|a 0874742315 (pbk. : alk. paper)
|
| 040 |
|
|
|a DLC
|c DLC
|d DLC
|d BD-DhAAL
|
| 043 |
|
|
|a n-us---
|
| 050 |
0 |
0 |
|a NA1997
|b .A74 1989
|
| 082 |
0 |
0 |
|a 720.88042
|2 19
|
| 245 |
0 |
0 |
|a Architecture :
|b a place for women /
|c Ellen Perry Berkeley, editor, Matilda McQuaid, associate editor.
|
| 260 |
|
|
|a Washington :
|b Smithsonian Institution Press,
|c c1989.
|
| 300 |
|
|
|a xxxiii, 277 pages :
|b illustrations ;
|c 23 cm.
|
| 504 |
|
|
|a Includes bibliographical references.
|
| 526 |
|
|
|a ARC
|
| 541 |
|
|
|a Trim Education
|e 33760
|
| 650 |
|
0 |
|a Women architects
|x Employment
|z United States.
|9 28153
|
| 650 |
|
0 |
|a Women architects
|z United States
|x Psychology.
|9 28154
|
| 650 |
|
0 |
|a Architecture.
|9 42759
|
| 700 |
1 |
|
|a Berkeley, Ellen Perry.
|9 28155
|
| 700 |
1 |
|
|a McQuaid, Matilda.
|9 28156
|
| 852 |
|
|
|a Ayesha Abed Library
|c General Stacks
|
| 942 |
|
|
|2 ddc
|c BK
|
| 952 |
|
|
|0 0
|1 0
|2 ddc
|4 0
|6 720_880420000000000_ARC
|7 0
|9 64333
|a BRACUL
|b BRACUL
|c GEN
|d 2018-09-09
|e Trim Education
|g 5975.00
|l 1
|o 720.88042 ARC
|p 3010033760
|r 2021-12-23
|s 2021-12-15
|t 1
|v 5975.00
|w 2018-09-09
|y BK
|